The failure of world monetary reforms, 1971-1974 (Record no. 62980)

MARC details
000 -LEADER
fixed length control field 00817nam a2200157 a 4500
008 - FIXED-LENGTH DATA ELEMENTS--GENERAL INFORMATION
fixed length control field 120416s0000 ||||||||||||||||| || u
020 ## - INTERNATIONAL STANDARD BOOK NUMBER
International Standard Book Number 0814791735
050 ## - LIBRARY OF CONGRESS CALL NUMBER
Classification number HG 3881 Wil
100 ## - MAIN ENTRY--PERSONAL NAME
Personal name Williamson, John
245 14 - TITLE STATEMENT
Title The failure of world monetary reforms, 1971-1974
260 ## - PUBLICATION, DISTRIBUTION, ETC.
Place of publication, distribution, etc. New York
Name of publisher, distributor, etc. University press
Date of publication, distribution, etc. 1977
350 ## -
-- 0.00
995 ## -
-- ANNEX COLLECTION (Main Library)
-- 0.00
-- 712406
-- CBU-MAIN LIBRARY (Kitwe)
-- 2
-- 12.50
-- HG 3881 Wil
-- 2
-- AVAILABLE
-- 008026
-- Annex Low-Usage Collection
995 ## -
-- ANNEX COLLECTION (Main Library)
-- 0.00
-- 712405
-- CBU-MAIN LIBRARY (Kitwe)
-- 1
-- 12.50
-- HG 3881 Wil
-- 1
-- AVAILABLE
-- 008027
-- Annex Low-Usage Collection
995 ## -
-- ANNEX COLLECTION (Main Library)
-- 0.00
-- 712404
-- CBU-MAIN LIBRARY (Kitwe)
-- 3
-- 12.50
-- HG 3881 Wil
-- 3
-- AVAILABLE
-- 008025
-- Annex Low-Usage Collection
999 ## -
-- 62980
-- 62980
Holdings
Withdrawn status Lost status Source of classification or shelving scheme Damaged status Not for loan Permanent Location Current Location Date acquired Full call number Barcode Date last seen Price effective from Koha item type Shelving location Total Checkouts
Withdrawn         CBU-MAIN LIBRARY, KITWE. CBU-MAIN LIBRARY, KITWE. 12/16/2022 HG 3881 Wil 008026 12/16/2022 12/16/2022 MONOGRAPH    
          CBU-MAIN LIBRARY, KITWE. CBU-MAIN LIBRARY, KITWE. 12/16/2022 HG 3881 Wil 008027 12/16/2022 12/16/2022 MONOGRAPH    
          CBU-MAIN LIBRARY, KITWE. CBU-MAIN LIBRARY, KITWE. 12/16/2022 HG 3881 Wil 008025 12/16/2022 12/16/2022 MONOGRAPH